[Event "Titled Tue 3rd Jan Late"]
[Site "chess.com INT"]
[Date "2025.06.03"]
[Round "8"]
[White "Kalyani Sirin"]
[Black "Alekseev, Evgeny"]
[Result "0-1"]
[WhiteTitle "WFM"]
[BlackTitle "GM"]
[WhiteElo "2136"]
[BlackElo "2516"]
[WhiteFideId "33323500"]
[BlackFideId "4138147"]
[EventDate "2025.06.03"]

1. e4 c5 2. Nf3 e6 3. b3 d6 4. d4 cxd4 5. Nxd4 Nf6 6. Bd3 Be7 7. O-O O-O 8. c4
b6 9. Bb2 Bb7 10. Nc3 Nbd7 11. Qe2 a6 12. Rac1 Qc7 13. Kh1 Rfe8 14. f3 Bf8 15.
g4 Ne5 16. Bc2 Ng6 17. Qe3 d5 18. g5 Nh5 19. Nce2 e5 20. Nf5 d4 21. Qf2 Ngf4 22.
Nxf4 Nxf4 23. Rcd1 g6 24. Nxd4 Bc5 25. Qg3 Bxd4 26. Bxd4 exd4 27. Rxd4 Rad8 28.
Rfd1 Rxd4 29. Rxd4 Qe5 30. Rd1 b5 31. cxb5 axb5 32. a4 bxa4 33. bxa4 Ba6 34. Bb3
Nd3 35. Qxe5 Rxe5 36. Rg1 Rc5 37. h4 Rc3 38. Bd5 Nf4 39. Rb1 Be2 40. Rb8+ Kg7
41. Bb3 Bxf3+ 42. Kg1 Bxe4 43. a5 Bd5 44. Bxd5 Nxd5 45. a6 Ra3 46. Ra8 Nc7 47.
Rc8 Nxa6 48. Ra8 Ra4 49. Kg2 Nc5 50. Rc8 Ne6 0-1

[Event "Titled Tue 3rd Jan Late"]
[Site "chess.com INT"]
[Date "2025.06.03"]
[Round "8"]
[White "Mikhalevski, Victor"]
[Black "Vasquez Schroeder, Rodrigo"]
[Result "1-0"]
[WhiteTitle "GM"]
[BlackTitle "GM"]
[WhiteElo "2513"]
[BlackElo "2446"]
[WhiteFideId "2801914"]
[BlackFideId "3400042"]
[EventDate "2025.06.03"]

1. Nf3 c5 2. g3 b6 3. Bg2 Bb7 4. O-O Nf6 5. d3 e6 6. e4 d6 7. c4 Nc6 8. Nc3 Rc8
9. a3 Be7 10. Rb1 O-O 11. b4 Nd7 12. Be3 Nde5 13. Nxe5 Nxe5 14. f4 Nc6 15. f5
Bf6 16. Ne2 Qd7 17. Nf4 Ne5 18. fxe6 fxe6 19. Bh3 Rce8 20. bxc5 dxc5 21. a4 Nc6
22. Kh1 Qd6 23. Qg4 Ne5 24. Qe2 Nxd3 25. Bg2 Nb4 26. Bd2 a5 27. Rfe1 Be5 28.
Rbd1 Qc7 29. Bc1 Nc6 30. Bb2 Bd4 31. Bh3 Bc8 32. e5 Kh8 33. Rd2 Bb7 34. Bg2 Bxb2
35. Rxb2 Nd4 36. Qh5 Kg8 37. Reb1 Bxg2+ 38. Kxg2 Rb8 39. Qg4 Qxe5 40. Kh3 Rf6
41. Rxb6 Qe4 42. Rxb8+ 1-0

[Event "Titled Tue 3rd Jan Late"]
[Site "chess.com INT"]
[Date "2025.06.03"]
[Round "8"]
[White "Dogan, Umut Anil"]
[Black "Ahmad, Khagan"]
[Result "0-1"]
[WhiteTitle "CM"]
[BlackTitle "IM"]
[WhiteElo "2123"]
[BlackElo "2405"]
[WhiteFideId "51618060"]
[BlackFideId "13431552"]
[EventDate "2025.06.03"]

1. d4 Nf6 2. Nf3 g6 3. g3 Bg7 4. Bg2 O-O 5. O-O c5 6. c4 d6 7. Nc3 Nc6 8. dxc5
dxc5 9. Bf4 Be6 10. b3 Qa5 11. Rc1 Rfd8 12. Qe1 a6 13. Ne5 Nxe5 14. Bxe5 Ra7 15.
Na4 Qxe1 16. Rfxe1 Nd7 17. Bxg7 Kxg7 18. Red1 Rc8 19. Nc3 Nf6 20. Rd2 b6 21.
Rcd1 Bd7 22. Ne4 Bc6 23. Nxf6 Kxf6 24. Bxc6 Rxc6 25. Kg2 Ke6 26. Kf3 Rd6 27.
Rxd6+ exd6 28. e4 b5 29. cxb5 axb5 30. Rd2 f5 31. exf5+ gxf5 32. Kf4 d5 33. Re2+
Kd6 34. f3 c4 35. bxc4 bxc4 36. Kxf5 Rf7+ 37. Kg4 d4 38. f4 d3 39. Re3 Kd5 40.
Kf3 Kd4 41. Re4+ Kc3 42. Kf2 d2 43. Re3+ Kc2 44. Re2 c3 0-1

[Event "Titled Tue 3rd Jan Late"]
[Site "chess.com INT"]
[Date "2025.06.03"]
[Round "8"]
[White "Jankowiak, Tomasz"]
[Black "Hernandez Bonilla, Amelia"]
[Result "1-0"]
[WhiteTitle "CM"]
[BlackTitle "WFM"]
[WhiteElo "2111"]
[BlackElo "1976"]
[WhiteFideId "1185357"]
[BlackFideId "3900193"]
[EventDate "2025.06.03"]

1. d4 Nf6 2. c4 e6 3. Nc3 Bb4 4. Qc2 b6 5. a3 Bxc3+ 6. Qxc3 Bb7 7. f3 d5 8. Bg5
h6 9. Bxf6 Qxf6 10. cxd5 Bxd5 11. e4 Bc6 12. Bc4 O-O 13. Ne2 Nd7 14. O-O Bb7 15.
Rac1 c5 16. Rfd1 cxd4 17. Qxd4 Qxd4+ 18. Rxd4 Ne5 19. Bb5 Rac8 20. Rxc8 Bxc8 21.
f4 Ng6 22. Rc4 a6 23. Bc6 Rd8 24. Rc2 Ne7 25. g3 Nxc6 26. Rxc6 Bb7 27. Rxb6 Bxe4
28. Nc3 Bd3 29. Kf2 Kh7 30. Ke3 Kg6 31. b4 Kf5 32. a4 Kg4 33. Rb7 Rf8 34. Kxd3
Kh3 35. b5 axb5 36. axb5 Kxh2 37. Ne2 g5 38. fxg5 hxg5 39. b6 f5 40. Re7 f4 41.
gxf4 gxf4 42. b7 f3 43. Nc3 f2 44. Rf7 Rxf7 45. b8=Q+ Kg2 46. Qg8+ Kh1 47. Qxf7
Kg1 48. Qg6+ Kh2 49. Qf6 Kg2 50. Qg5+ Kh2 51. Qf4+ Kg2 52. Qg4+ Kh2 53. Qf3 Kg1
54. Ke2 f1=Q+ 55. Qxf1+ Kh2 56. Kf3 e5 57. Qg2# 1-0

[Event "Titled Tue 3rd Jan Late"]
[Site "chess.com INT"]
[Date "2025.06.03"]
[Round "8"]
[White "Zepeda Berlanga, Jan Enrique"]
[Black "Calhoun, Luke"]
[Result "1-0"]
[WhiteTitle "CM"]
[WhiteElo "1941"]
[BlackElo "1985"]
[WhiteFideId "5132355"]
[BlackFideId "2064421"]
[EventDate "2025.06.03"]

1. e4 d6 2. d4 Nf6 3. Nc3 e5 4. Nf3 Nbd7 5. Bc4 Be7 6. O-O O-O 7. Re1 c6 8. a4
a5 9. h3 Re8 10. Be3 h6 11. Ba2 Qc7 12. Qd2 Bf8 13. Nh4 exd4 14. Bxd4 c5 15.
Bxf6 Nxf6 16. Ng6 Be6 17. Nxf8 Kxf8 18. Nb5 Qc6 19. Qxd6+ Qxd6 20. Nxd6 Red8 21.
Nxb7 Rd2 22. Bxe6 fxe6 23. Nxc5 Rc8 24. Nxe6+ Kf7 25. Nf4 Rcxc2 26. Rf1 Rxb2 27.
e5 Ne4 28. e6+ Ke8 29. Rab1 Rbc2 30. Ng6 Kd8 31. Rfd1 Nxf2 32. Rxd2+ Rxd2 33.
Rb8+ Kc7 34. e7 Kxb8 35. e8=Q+ Kc7 36. Qe5+ Kb7 37. Qb5+ Kc8 38. Qa6+ 1-0

[Event "Titled Tue 3rd Jan Late"]
[Site "chess.com INT"]
[Date "2025.06.03"]
[Round "8"]
[White "Grigorjev, Iljya"]
[Black "Tatarinov, Dmitry"]
[Result "0-1"]
[WhiteTitle "IM"]
[BlackTitle "FM"]
[WhiteElo "2433"]
[BlackElo "2344"]
[WhiteFideId "24159565"]
[BlackFideId "24160067"]
[EventDate "2025.06.03"]

1. e4 e5 2. Nf3 Nc6 3. Bb5 a6 4. Ba4 Nf6 5. O-O Be7 6. Bxc6 dxc6 7. d3 Nd7 8.
Be3 O-O 9. a4 a5 10. Nbd2 Re8 11. Nc4 Bf8 12. Kh1 b6 13. Nfd2 Nc5 14. f4 exf4
15. Rxf4 Ne6 16. Rf2 Bd7 17. Qh5 Re7 18. Raf1 Be8 19. Qh4 b5 20. Ne5 f6 21. Ng4
Rf7 22. Qg3 Kh8 23. Nf3 bxa4 24. Nh4 Rb8 25. Ne5 fxe5 26. Rxf7 Bxf7 27. Rxf7
Rxb2 28. h3 Rb1+ 29. Kh2 Kg8 30. Rf2 a3 31. Nf5 g6 32. Nh6+ Bxh6 33. Bxh6 a2 34.
Qg4 Ng7 35. Qf3 Qe7 36. Bg5 Qe8 37. Be7 Qxe7 0-1

[Event "Titled Tue 3rd Jan Late"]
[Site "chess.com INT"]
[Date "2025.06.03"]
[Round "8"]
[White "Alves Campelo, Danilo Cesar De L"]
[Black "Amarasinghe, A A C B"]
[Result "0-1"]
[BlackTitle "CM"]
[WhiteElo "2028"]
[BlackElo "1949"]
[WhiteFideId "2123657"]
[BlackFideId "9901809"]
[EventDate "2025.06.03"]

1. e4 e6 2. d4 d5 3. Nd2 c5 4. exd5 Qxd5 5. Ngf3 Nf6 6. Bc4 Qd6 7. dxc5 Qxc5 8.
O-O Be7 9. Qe2 O-O 10. Nb3 Qc7 11. Bg5 Nc6 12. c3 a5 13. Bd3 h6 14. Bh4 a4 15.
Nbd4 Nxd4 16. Nxd4 Bd7 17. Rfd1 a3 18. Rab1 axb2 19. Rxb2 Ra7 20. Rdb1 Qxc3 21.
Nb5 Bxb5 22. Rxb5 Rd8 23. R5b3 Qd4 24. Bxf6 Bxf6 25. h3 Be5 26. g3 Bxg3 27. Rxb7
Rxb7 28. Rxb7 Qxd3 29. Qxd3 Rxd3 30. fxg3 Rxg3+ 31. Kh2 Ra3 32. Rb2 Kh7 33. Rg2
g5 34. Rc2 Kg6 35. Kg2 f5 36. Re2 Kf6 37. Rb2 h5 38. Re2 h4 39. Rb2 g4 40. hxg4
fxg4 41. Rf2+ Kg5 42. Re2 h3+ 43. Kh2 Kh4 44. Kh1 Kg3 0-1

[Event "Titled Tue 3rd Jan Late"]
[Site "chess.com INT"]
[Date "2025.06.03"]
[Round "8"]
[White "Jasinski, Alexander"]
[Black "Levano Loayza, Adriano Jaffet"]
[Result "0-1"]
[BlackTitle "CM"]
[WhiteElo "1964"]
[BlackElo "2049"]
[WhiteFideId "55627994"]
[BlackFideId "3865584"]
[EventDate "2025.06.03"]

1. d4 Nf6 2. c4 e6 3. g3 Bb4+ 4. Nc3 Bxc3+ 5. bxc3 c5 6. Bg2 Qa5 7. Bd2 Nc6 8.
Nf3 b6 9. O-O Bb7 10. Re1 O-O 11. e4 d6 12. Qb3 Qa6 13. Bf1 Na5 14. Qc2 Nxc4 15.
Bg5 Nd7 16. a4 d5 17. Nd2 Rac8 18. exd5 exd5 19. Nxc4 dxc4 20. Qf5 Nb8 21. d5
Qa5 22. Bxc4 Qxc3 23. Rac1 Qd4 24. Be7 g6 25. Qf3 Rfe8 26. Qe2 Nd7 27. d6 Qg7
28. Qg4 Ne5 29. Qf4 Nxc4 30. Rxc4 Bc6 31. a5 Bd7 32. axb6 axb6 33. Rd1 b5 34.
Re4 b4 35. Rc4 Be6 36. Bf6 Qf8 37. d7 Red8 0-1

[Event "Titled Tue 3rd Jan Late"]
[Site "chess.com INT"]
[Date "2025.06.03"]
[Round "8"]
[White "Silva, Luca"]
[Black "Thomforde-Toates, Noah"]
[Result "1-0"]
[WhiteTitle "FM"]
[WhiteElo "2227"]
[BlackElo "2128"]
[WhiteFideId "147370"]
[BlackFideId "30951992"]
[EventDate "2025.06.03"]

1. e4 c5 2. d4 cxd4 3. c3 d3 4. Bxd3 Nc6 5. c4 g6 6. Nc3 Bg7 7. Nge2 d6 8. Be3
Nf6 9. f4 O-O 10. O-O Ng4 11. Qd2 Nxe3 12. Qxe3 Bg4 13. h3 Bxe2 14. Qxe2 Qa5 15.
Nd5 e6 16. Ne3 Qb6 17. Rab1 Bd4 18. Rf3 f5 19. Kh2 Rae8 20. Nc2 e5 21. exf5 exf4
22. Qd1 g5 23. Nxd4 Nxd4 24. Rf1 Qc5 25. Qg4 h6 26. Qh5 Qe5 27. Rbe1 Rf6 28.
Qxe8+ Qxe8 29. Rxe8+ Kg7 30. Rfe1 h5 31. R1e7+ Rf7 32. Rxf7+ Kxf7 33. Rb8 g4 34.
hxg4 hxg4 35. Rxb7+ Kf6 36. Rxa7 Kg5 37. Rg7+ Kh4 38. Rh7+ Kg5 39. Rg7+ Kh4 40.
f6 f3 41. gxf3 Nxf3+ 42. Kh1 Ne5 43. f7 Nxd3 44. f8=Q Kg3 45. Rf7 Ne5 46. Rf1
Kh3 47. Qh6+ Kg3 48. Qxd6 Kh3 49. Qxe5 g3 50. Qh5# 1-0

[Event "Titled Tue 3rd Jan Late"]
[Site "chess.com INT"]
[Date "2025.06.03"]
[Round "8"]
[White "Ismagilov, Damir"]
[Black "Adewumi, Tanitoluwa"]
[Result "0-1"]
[WhiteTitle "CM"]
[BlackTitle "FM"]
[WhiteElo "2173"]
[BlackElo "2376"]
[WhiteFideId "34199982"]
[BlackFideId "30966396"]
[EventDate "2025.06.03"]

1. d4 c5 2. d5 g6 3. c4 Bg7 4. e4 d6 5. Bd3 e6 6. h3 exd5 7. exd5 Nf6 8. Nf3 O-O
9. O-O Na6 10. Nc3 Nc7 11. a4 b6 12. Bf4 Nh5 13. Bh2 Bxc3 14. bxc3 Qf6 15. Qd2
Rd8 16. Ng5 Bf5 17. Bxf5 gxf5 18. Rfe1 Re8 19. g4 fxg4 20. hxg4 Ng7 21. Ne4 Qg6
22. Qf4 f5 23. Nxd6 Rf8 24. f3 fxg4 25. Qxg4 Rxf3 26. Qxg6 hxg6 27. Ne4 Nce8 28.
Rf1 Rxf1+ 29. Rxf1 Nf5 30. Be5 Ne3 31. Nf6+ Nxf6 32. Rxf6 Nxc4 33. Rxg6+ Kh7 34.
Rg7+ Kh6 35. Re7 Rd8 36. Bf4+ Kg6 37. d6 Kf5 38. Rf7+ Ke4 39. d7 Ne5 40. Bxe5
Kxe5 41. Kf2 Ke6 42. a5 Kxf7 0-1

[Event "Titled Tue 3rd Jan Late"]
[Site "chess.com INT"]
[Date "2025.06.03"]
[Round "8"]
[White "Vazelakis, Dimitrios"]
[Black "Chelly, Yahya"]
[Result "0-1"]
[BlackTitle "CM"]
[WhiteElo "1857"]
[BlackElo "2039"]
[WhiteFideId "4203674"]
[BlackFideId "5516200"]
[EventDate "2025.06.03"]

1. d4 d5 2. Nc3 Nf6 3. Bf4 a6 4. e3 e6 5. Nf3 c5 6. dxc5 Bxc5 7. Bd3 O-O 8. O-O
Nc6 9. Qe2 Re8 10. Ne5 Nxe5 11. Bxe5 Nd7 12. Bg3 b5 13. Rad1 Bb7 14. e4 b4 15.
Nb1 Bf8 16. exd5 Bxd5 17. a3 a5 18. axb4 axb4 19. Nd2 Qf6 20. b3 Nc5 21. Ne4
Nxe4 22. Bxe4 Bxe4 23. Qxe4 Qc3 24. Rd7 Rad8 25. Rb7 Rd2 26. Be5 Qxc2 27. Qf4 f6
28. Bxf6 gxf6 29. Qxf6 Qg6 30. Qf4 Rd3 31. h4 Rxb3 32. Re1 Rb1 33. Rxb1 Qxb1+
34. Kh2 Qf5 35. Qg3+ Qg6 36. Qf4 Bg7 37. Qxb4 Be5+ 38. g3 Rf8 39. f4 Bg7 40. Qe7
Qc2+ 41. Kh3 Qf5+ 42. Kg2 Qg6 43. Kh3 h5 0-1

[Event "Titled Tue 3rd Jan Late"]
[Site "chess.com INT"]
[Date "2025.06.03"]
[Round "8"]
[White "Kobalia, Mikhail"]
[Black "Zieba, Hubert"]
[Result "1-0"]
[WhiteTitle "GM"]
[BlackTitle "CM"]
[WhiteElo "2538"]
[BlackElo "2233"]
[WhiteFideId "4119150"]
[BlackFideId "21844704"]
[EventDate "2025.06.03"]

1. Nf3 Nf6 2. b3 g6 3. Bb2 Bg7 4. c4 c5 5. e3 O-O 6. Be2 b6 7. O-O Bb7 8. d4
cxd4 9. Nxd4 Nc6 10. Nd2 Nxd4 11. Bxd4 d5 12. Bf3 Rc8 13. Rc1 Qd7 14. cxd5 Bxd5
15. Nc4 Bxc4 16. bxc4 Rfd8 17. Qb3 Ne8 18. Rfd1 Nd6 19. c5 bxc5 20. Bxc5 Rc7 21.
Ba3 Rxc1 22. Rxc1 h5 23. h3 Rc8 24. Rxc8+ Qxc8 25. Bd5 Qc3 26. Qxc3 Bxc3 27. Kf1
Kf8 28. Ke2 Ba5 29. Bc5 Bb6 30. Bb4 Ke8 31. a4 Bc7 32. Bc5 Bb6 33. Bb4 Bc7 34.
Kd3 e6 35. Bc6+ Kd8 36. Bc5 Nc8 37. f4 Bb6 38. Bb4 Ne7 39. Be4 Nd5 40. Bd2 f5
41. Bf3 Kd7 42. e4 Ne7 43. exf5 exf5 44. Kc4 Nc8 45. Kd5 Ne7+ 46. Ke5 Ke8 47.
Ke6 Bc7 48. a5 Nc8 49. Kf6 Ne7 50. a6 Bd8 51. Ke6 Bc7 52. Be3 Nc8 53. Kf6 Ne7
54. Bxa7 Bxf4 55. Bc5 Nc8 56. a7 Nxa7 57. Bxa7 g5 58. Bxh5+ Kf8 59. Kxf5 Bd2 1-0

[Event "Titled Tue 3rd Jan Late"]
[Site "chess.com INT"]
[Date "2025.06.03"]
[Round "8"]
[White "Tan, Zhongyi"]
[Black "Florescu, Codrut-Constantin"]
[Result "1/2-1/2"]
[WhiteTitle "GM"]
[BlackTitle "IM"]
[WhiteElo "2536"]
[BlackElo "2193"]
[WhiteFideId "8603642"]
[BlackFideId "1202200"]
[EventDate "2025.06.03"]

1. e4 c5 2. Nf3 Nc6 3. d4 cxd4 4. Nxd4 e5 5. Nb5 d6 6. c4 Nf6 7. Bd3 Be7 8. O-O
O-O 9. Bg5 a6 10. N5c3 Be6 11. Bxf6 Bxf6 12. Nd5 Bg5 13. Nbc3 Nd4 14. Ne2 Nxe2+
15. Bxe2 Rc8 16. Qd3 Rc6 17. Rad1 g6 18. b3 Qd7 19. Nb4 Rb6 20. a3 a5 21. Nc2
Bd8 22. b4 axb4 23. axb4 Rc6 24. Ne3 Qc8 25. b5 Rc7 26. Qxd6 Bf6 27. Nd5 Bxd5
28. exd5 Qd8 29. Qxd8 Rxd8 30. d6 Rc5 31. d7 e4 32. f3 e3 33. f4 Bc3 34. Rd6 Bd2
35. Ra1 Rc7 36. Bf3 Rcxd7 37. Rxd7 Rxd7 38. Kf1 Bb4 39. Bd5 Bc5 40. Ke2 b6 41.
Ra8+ Kg7 42. g4 Re7 43. g5 Rd7 44. h4 h5 45. Rb8 Re7 46. Ra8 Rd7 47. Rb8 Re7 48.
Ra8 Rd7 1/2-1/2

[Event "Titled Tue 3rd Jan Late"]
[Site "chess.com INT"]
[Date "2025.06.03"]
[Round "8"]
[White "Niemann, Hans Moke"]
[Black "Bok, Benjamin"]
[Result "1-0"]
[WhiteTitle "GM"]
[BlackTitle "GM"]
[WhiteElo "2736"]
[BlackElo "2591"]
[WhiteFideId "2093596"]
[BlackFideId "1017063"]
[EventDate "2025.06.03"]

1. e4 c5 2. Nf3 d6 3. Bb5+ Nd7 4. Ba4 Nf6 5. O-O e6 6. c4 Nxe4 7. Re1 Nf6 8. d4
Be7 9. dxc5 dxc5 10. Nc3 O-O 11. Bf4 Nb6 12. Bb3 Qxd1 13. Rexd1 Bd7 14. Ne5 Rfd8
15. a4 Be8 16. a5 Rxd1+ 17. Bxd1 Nbd7 18. Nd3 Rd8 19. Be3 a6 20. Bf3 b6 21. b3
bxa5 22. Rxa5 Rb8 23. Bd1 Rb6 24. Kf1 Kf8 25. Ke1 Rc6 26. Kd2 Bd8 27. Ra2 Be7
28. Bf3 Rb6 29. Kc2 h6 30. h3 e5 31. Ra5 g5 32. Nxc5 Nxc5 33. Bxc5 Bxc5 34. Rxc5
Re6 35. Bb7 e4 36. Rc8 Kg7 37. Nd5 e3 38. Nxe3 Bd7 39. Rc7 Rb6 40. c5 Rb4 41.
Bxa6 Be6 42. Bc4 Bxc4 43. bxc4 Ne4 44. f3 Ng3 45. c6 Rb6 46. Nd5 Ra6 47. Nb4 Ra4
48. Rb7 Ra3 49. c7 1-0

[Event "Titled Tue 3rd Jan Late"]
[Site "chess.com INT"]
[Date "2025.06.03"]
[Round "8"]
[White "Fedoryshyn, Ievgenii"]
[Black "Fadi, Marko"]
[Result "0-1"]
[WhiteTitle "FM"]
[BlackTitle "FM"]
[WhiteElo "2278"]
[BlackElo "2244"]
[WhiteFideId "26095467"]
[BlackFideId "10605371"]
[EventDate "2025.06.03"]

1. c4 e5 2. Nc3 Nc6 3. g3 f5 4. Bg2 Nf6 5. e3 d5 6. cxd5 Nb4 7. d4 e4 8. Nge2
Nd3+ 9. Kf1 Bd6 10. Bd2 Nxb2 11. Qb3 Nd3 12. Nc1 Nxc1 13. Rxc1 O-O 14. Nb5 Bd7
15. Nxc7 Bxc7 16. d6+ Kh8 17. dxc7 Qc8 18. d5 a6 19. a4 Qe8 20. Qxb7 Bxa4 21.
Bh3 Qb5+ 22. Qxb5 Bxb5+ 23. Kg2 Nxd5 24. Bxf5 Nxc7 25. Bxe4 Rac8 26. Bb7 Rb8 27.
Rxc7 Rxb7 28. Rhc1 Rxc7 29. Rxc7 Kg8 30. Bb4 Rf6 31. Bc3 Rg6 32. f3 h5 33. e4
Kh7 34. f4 Kh6 35. Kf3 h4 36. g4 h3 37. f5 Rc6 38. Bxg7+ Kg5 39. Rxc6 Bxc6 40.
Bc3 Ba4 41. e5 Bd1+ 42. Kg3 Bxg4 43. f6 Be6 44. Kf2 Kf4 0-1

[Event "Titled Tue 3rd Jan Late"]
[Site "chess.com INT"]
[Date "2025.06.03"]
[Round "8"]
[White "Yanev, Tihomir"]
[Black "Sieciechowicz, Marcin"]
[Result "1-0"]
[WhiteTitle "IM"]
[BlackTitle "IM"]
[WhiteElo "2354"]
[BlackElo "2410"]
[WhiteFideId "2910110"]
[BlackFideId "1130170"]
[EventDate "2025.06.03"]

1. e4 e6 2. d4 d5 3. Nd2 c5 4. Ngf3 cxd4 5. exd5 Qxd5 6. Bc4 Qd6 7. O-O Nf6 8.
Nb3 Nc6 9. Nbxd4 Nxd4 10. Nxd4 Be7 11. c3 O-O 12. Qf3 Qb6 13. Bb3 Bd7 14. Be3
Qc7 15. Rad1 a5 16. Bc2 Bc6 17. Qh3 Qe5 18. Rfe1 Qh5 19. Nxc6 bxc6 20. Qxh5 Nxh5
21. Rd7 Bd8 22. Bc5 Re8 23. Rb7 Nf6 24. Rd1 Nd5 25. c4 Nb4 26. Be4 Rc8 27. a3
Na6 28. Bd6 Bf6 29. b4 axb4 30. axb4 Bc3 31. Bxc6 Rxc6 32. b5 Rcc8 33. bxa6 Red8
34. a7 Ra8 35. c5 f6 36. Kf1 Be5 37. Ke2 Bxd6 38. Rxd6 Rdc8 39. c6 Kf8 40. Rdd7
Ke8 41. Rxg7 1-0

[Event "Titled Tue 3rd Jan Late"]
[Site "chess.com INT"]
[Date "2025.06.03"]
[Round "8"]
[White "Panarin, Mikhail"]
[Black "Deac, Bogdan-Daniel"]
[Result "0-1"]
[WhiteTitle "GM"]
[BlackTitle "GM"]
[WhiteElo "2562"]
[BlackElo "2668"]
[WhiteFideId "4153251"]
[BlackFideId "1226380"]
[EventDate "2025.06.03"]

1. e4 e6 2. d4 d5 3. Nd2 Be7 4. e5 c5 5. c3 Qb6 6. Ndf3 cxd4 7. cxd4 Bd7 8. Bd3
Bb5 9. Ne2 Bb4+ 10. Kf1 Bxd3 11. Qxd3 Qa6 12. Qd1 Ne7 13. g3 Nec6 14. Kg2 Nd7
15. h4 Be7 16. Nf4 h6 17. Be3 O-O-O 18. Qd2 Nb6 19. b3 Kb8 20. Nd3 Nd7 21. Rhc1
Rc8 22. h5 Qb6 23. Nc5 Nxc5 24. dxc5 Qb4 25. Qd3 Qg4 26. Bf4 Qxh5 27. b4 g5 28.
b5 Nb4 29. Qd2 gxf4 30. Qxb4 fxg3 31. Qd4 Rhg8 32. c6 gxf2+ 33. Kxf2 Rg4 34. Qc3
Bh4+ 35. Kf1 Rg3 36. Ke2 Rg2+ 37. Kd1 Rf2 38. c7+ Ka8 0-1

[Event "Titled Tue 3rd Jan Late"]
[Site "chess.com INT"]
[Date "2025.06.03"]
[Round "8"]
[White "Hadzovic, Amir"]
[Black "Zlatkov, Anton"]
[Result "0-1"]
[WhiteTitle "FM"]
[BlackTitle "FM"]
[WhiteElo "2354"]
[BlackElo "2322"]
[WhiteFideId "14402300"]
[BlackFideId "15005402"]
[EventDate "2025.06.03"]

1. e4 c5 2. Nc3 Nc6 3. f4 e6 4. Nf3 a6 5. d3 d5 6. g3 Nf6 7. Bg2 h5 8. h3 Be7 9.
O-O b5 10. Ne5 Bb7 11. exd5 exd5 12. Re1 O-O 13. Nxc6 Bxc6 14. Qf3 Rc8 15. Bd2
Re8 16. Qf2 c4 17. d4 b4 18. Nd1 Ne4 19. Bxe4 dxe4 20. c3 Qd7 21. Kh2 a5 22. Ne3
Bd5 23. g4 hxg4 24. hxg4 bxc3 25. Bxc3 Bb4 26. Kg3 Rc6 27. Rh1 Ree6 28. Rh5 Rcd6
29. Rah1 Rh6 30. g5 Rxh5 31. Rxh5 Bc6 32. Qh2 Kf8 33. Ng4 Qf5 34. Ne5 e3 35.
Nxc6 Rxc6 36. Rh8+ Ke7 37. Qg2 Bd6 38. Qxc6 Qxf4+ 39. Kg2 Qf2+ 40. Kh1 Qf1# 0-1

[Event "Titled Tue 3rd Jan Late"]
[Site "chess.com INT"]
[Date "2025.06.03"]
[Round "8"]
[White "Ersoz, Teoman Guney"]
[Black "Munoz Ramos, Christopher"]
[Result "1-0"]
[WhiteTitle "CM"]
[BlackTitle "FM"]
[WhiteElo "2090"]
[BlackElo "2133"]
[WhiteFideId "44537050"]
[BlackFideId "3439615"]
[EventDate "2025.06.03"]

1. e4 c5 2. Nf3 d6 3. d4 cxd4 4. Qxd4 Nf6 5. Nc3 Nc6 6. Bb5 Bd7 7. Bxc6 Bxc6 8.
Bg5 g6 9. Bxf6 exf6 10. O-O-O Be7 11. Nd5 Bxd5 12. exd5 O-O 13. g4 Rc8 14. h4
Qd7 15. h5 f5 16. hxg6 fxg6 17. g5 Rf7 18. Rh4 h5 19. gxh6 Bxh4 20. Nxh4 Kh7 21.
Rg1 Rg8 22. Nf3 g5 23. Nxg5+ Rxg5 24. Rxg5 Qe7 25. Rg7+ Kxh6 26. Rxf7 Qxf7 27.
Qf4+ Kh5 28. Qh2+ Kg5 29. Qg3+ Kh5 30. Qxd6 Qe8 31. Qe6 Qf8 32. d6 Kg4 33. d7
Qh8 34. Qe2+ Kh4 35. Qd2 Qd8 36. Qd6 Qg5+ 37. Qd2 Qg1+ 38. Qd1 Qg5+ 39. Kb1 Qd8
40. a3 Kg5 41. Qd6 b5 42. b3 Kg4 43. Qe6 Qa8 44. Qe8 Qh1+ 45. Kb2 Kf3 46. Qa8+
Kxf2 47. Qxh1 Ke3 48. d8=Q Kf4 49. Qa5 Kg5 50. Qxb5 Kf6 51. Qf3 Ke7 52. Qfxf5 a5
53. Qbd7# 1-0

[Event "Titled Tue 3rd Jan Late"]
[Site "chess.com INT"]
[Date "2025.06.03"]
[Round "8"]
[White "Pereyra, Horacio"]
[Black "Makaraci, Tunahan"]
[Result "0-1"]
[BlackTitle "FM"]
[WhiteElo "2133"]
[BlackElo "2233"]
[WhiteFideId "113700"]
[BlackFideId "6356559"]
[EventDate "2025.06.03"]

1. d4 d5 2. Nc3 Nf6 3. Bg5 e6 4. e4 Be7 5. Bxf6 Bxf6 6. Nf3 O-O 7. Bd3 c5 8. e5
Be7 9. dxc5 Bxc5 10. h4 h6 11. g4 f6 12. Qe2 fxe5 13. O-O-O Nc6 14. g5 Qe7 15.
gxh6 gxh6 16. Rhg1+ Kh8 17. Rg6 Rf6 18. Nxe5 Bd7 19. Qh5 Nxe5 20. Rxh6+ Rxh6 21.
Qxh6+ Kg8 22. Rg1+ Kf7 23. Bg6+ Kf6 24. Bh5+ Kf5 25. Rg5+ Kf4 26. Rg7+ Kf5 27.
Rxe7 Bxe7 28. Ne2 Nc4 29. Qh7+ Kf6 30. Nf4 Bd6 31. Qf7+ Ke5 32. Nd3+ Kd4 33.
Qxd7 Rg8 34. Ne1 Rg1 35. Qxe6 Be5 36. Kd1 Nxb2+ 37. Ke2 Na4 38. Qc8 Nc3+ 39. Kd2
Bf4# 0-1

[Event "Titled Tue 3rd Jan Late"]
[Site "chess.com INT"]
[Date "2025.06.03"]
[Round "8"]
[White "Kiseleva, Arina"]
[Black "Kovacs, Reka"]
[Result "0-1"]
[WhiteTitle "WCM"]
[BlackTitle "WCM"]
[WhiteElo "1994"]
[BlackElo "1963"]
[WhiteFideId "4164989"]
[BlackFideId "790702"]
[EventDate "2025.06.03"]

1. d4 f5 2. g3 Nf6 3. Bg2 g6 4. Nd2 d6 5. e4 Bg7 6. Ne2 c6 7. c3 O-O 8. h4 fxe4
9. Nxe4 Nxe4 10. Bxe4 d5 11. Bd3 Bg4 12. Bf4 Nd7 13. h5 Bxh5 14. Qc2 e5 15. dxe5
Bxe5 16. O-O-O Bxf4+ 17. gxf4 Qf6 18. Rdg1 Bxe2 19. Qxe2 Qxf4+ 20. Kb1 Ne5 21.
Qh5 Rf7 22. Bxg6 Nxg6 23. Rxg6+ Kh8 24. Rg4 Qf5+ 25. Qxf5 Rxf5 26. Rgh4 Rf7 27.
Kc1 Raf8 28. R1h2 Re8 29. Kd2 Rfe7 30. f4 Kg8 31. Rg2+ Rg7 32. Rhg4 Re7 33. Kd3
Rxg4 34. Rxg4+ Kf7 35. Rh4 Kf6 36. Kd4 Re4+ 37. Kc5 Re2 38. b4 Rxa2 39. Rxh7 Rc2
40. Rg7 Kxg7 0-1

[Event "Titled Tue 3rd Jan Late"]
[Site "chess.com INT"]
[Date "2025.06.03"]
[Round "8"]
[White "Moosavifar, Seyed Abolfazl"]
[Black "Rustamov, Rustam"]
[Result "0-1"]
[WhiteTitle "FM"]
[BlackTitle "FM"]
[WhiteElo "2303"]
[BlackElo "2323"]
[WhiteFideId "42548195"]
[BlackFideId "13440110"]
[EventDate "2025.06.03"]

1. e4 c5 2. Nf3 d6 3. d4 cxd4 4. Nxd4 e5 5. Nb3 Nf6 6. Nc3 Be7 7. f4 O-O 8. Be2
Nbd7 9. Be3 a6 10. a4 b6 11. O-O Bb7 12. Bd3 Rc8 13. Qf3 exf4 14. Bxf4 Ne5 15.
Qh3 Ng6 16. Be3 Nd7 17. Nd4 Nde5 18. Nf5 Bf6 19. Bd4 Bg5 20. Qg3 Bh4 21. Nxh4
Nxh4 22. Qe3 f5 23. Bxb6 Qf6 24. Bd4 f4 25. Qf2 Qg5 26. Kh1 Nhg6 27. a5 Ng4 28.
Qe2 N6e5 29. h3 Qh4 30. Qe1 Qh6 31. Kg1 Ne3 32. Bxe3 fxe3 33. Qe2 Ng6 34. Rae1
Rxf1+ 35. Rxf1 Qg5 36. Re1 Nf4 37. Qf3 Rf8 38. Bc4+ d5 39. exd5 Kh8 40. d6 Bxf3 0-1